| 000 | 01334cam a22003497a 4500 | ||
|---|---|---|---|
| 003 | CHAP | ||
| 005 | 20220329135819.0 | ||
| 008 | 971013s1994 r 00010 d | ||
| 010 | _a42663 | ||
| 011 | _a43635 | ||
| 035 | _a47771 | ||
| 040 | _cCHAP | ||
| 082 |
_a333.0972 _bI58 Col. |
||
| 110 |
_aInstituto Nacional de Estadística, Geografía e Informática. México _959304 |
||
| 245 | 0 |
_aDatos por ejido y comunidad agraria _b: Colima |
|
| 260 |
_aAguascalientes, Ags. : _bINEGI, _c1994 |
||
| 300 | _a72 p. | ||
| 500 | _aElaborado con información del XI Censo General de Población y Vivienda, 1990 y VII Censo Agropecuario, 1991 | ||
| 590 |
_aBATCH-UPD _b10 _c20130110 _lUCH01 _h0038 |
||
| 590 |
_aBATCH-UPD _b10 _c20130110 _lUCH01 _h2148 |
||
| 590 |
_aBATCH-UPD _b10 _c20130410 _lUCH01 _h1456 |
||
| 590 |
_aBATCH-UPD _b10 _c20130914 _lUCH01 _h1008 |
||
| 590 |
_aCONVERSION _b10 _c20130109 _lUCH01 _h1323 |
||
| 650 | 1 | 4 |
_aColima _xCondiciones rurales. _925160 |
| 650 | 1 | 4 |
_aEjidos _xColima. _936011 |
| 650 | 1 | 4 |
_aPoblación _xEstadísticas _zColima. _989377 |
| 650 | 1 | 4 |
_aVivienda rural _xColima. _9120167 |
| 901 | _aBK | ||
| 942 | _cLIBRO | ||
| 949 |
_a333.0972 I58 Col. _bBC _cINEGI _d33724000533311 _eINEGI _fc.2 _h90282 _i47771 _si _t14.00 |
||
| 949 |
_a333.0972 I58 Col. _bBC _cINEGI _d33724000533550 _eINEGI _gI. c/e _h88981 _i47771 _si _t14.00 |
||
| 999 |
_c42663 _d42663 |
||